| 000 | 01009nam a22002537a 4500 | ||
|---|---|---|---|
| 005 | 20170124103007.0 | ||
| 010 | _aB-048698 | ||
| 020 | _c90.00 | ||
| 035 | _aB-048698 | ||
| 037 | _bCen Lib/Ret | ||
| 040 |
_aDPL _bHN |
||
| 082 |
_aउ _bशान्ताकु |
||
| 100 |
_aशान्ता कुमार _956487 |
||
| 245 |
_aलाजो / _cशान्ता कुमार |
||
| 246 |
_aLaajo / _bby Shanta Kumar |
||
| 260 |
_aनई दिल्ली _bभारतीय प्रकाशन _c2001 |
||
| 270 |
_bनई दिल्ली _a24/4855, अंसारी रोड, दरियागंज _e110002 |
||
| 300 |
_a111पृ. _c21सेमी (सजिल्द) |
||
| 650 |
_a हिन्दी साहित्य _956488 |
||
| 650 |
_a हिन्दी साहित्य -- उपन्यास _946379 |
||
| 650 |
_aHindi literature _956489 |
||
| 650 |
_aHindi literature -- Fiction _956490 |
||
| 942 |
_2ddc _cHN _hउ _mशान्ताकु |
||
| 999 |
_c114356 _d114356 |
||